000 00284nam a22001337a 4500
008 181030b xxu||||| |||| 00| 0 eng d
020 _a9780735537460
041 _aeng
080 _23 ED
_a341
100 _a16
101 _aJUR
245 _aEvidence
_cMueller.K
942 _2udc
_cBK
999 _c51161
_d51161